<?xml version="1.0" encoding="UTF-8"?>
<record
    xmlns:xsi="http://www.w3.org/2001/XMLSchema-instance"
    xsi:schemaLocation="http://www.loc.gov/MARC21/slim http://www.loc.gov/standards/marcxml/schema/MARC21slim.xsd"
    xmlns="http://www.loc.gov/MARC21/slim">

  <leader>00768nam a22002177a 4500</leader>
  <datafield tag="999" ind1=" " ind2=" ">
    <subfield code="c">168479</subfield>
    <subfield code="d">168479</subfield>
  </datafield>
  <controlfield tag="005">20191010155249.0</controlfield>
  <datafield tag="010" ind1=" " ind2=" ">
    <subfield code="a">ENG-126640</subfield>
  </datafield>
  <datafield tag="020" ind1=" " ind2=" ">
    <subfield code="a">9789353163549</subfield>
    <subfield code="c">895.00</subfield>
  </datafield>
  <datafield tag="035" ind1=" " ind2=" ">
    <subfield code="a">EN-110172</subfield>
  </datafield>
  <datafield tag="037" ind1=" " ind2=" ">
    <subfield code="b">DBAD/PUB</subfield>
  </datafield>
  <datafield tag="082" ind1=" " ind2=" ">
    <subfield code="a">658.15</subfield>
  </datafield>
  <datafield tag="100" ind1=" " ind2=" ">
    <subfield code="a">Ross, Stephen A.</subfield>
  </datafield>
  <datafield tag="245" ind1=" " ind2=" ">
    <subfield code="a">Fundamentals of corporate finance /</subfield>
    <subfield code="c">by Stephen A. Ross, Randolph W. Westerfield [and] Bradford D. Jordan</subfield>
  </datafield>
  <datafield tag="260" ind1=" " ind2=" ">
    <subfield code="a">Chennai</subfield>
    <subfield code="b">Mc Graw Hill Education</subfield>
    <subfield code="c">2016</subfield>
  </datafield>
  <datafield tag="270" ind1=" " ind2=" ">
    <subfield code="a">444/1, Ekambara Naicker Industrial Estate</subfield>
    <subfield code="b">Alapakkam, Porur, Chennai</subfield>
    <subfield code="e">600116</subfield>
    <subfield code="m">info.india@mheducation.com</subfield>
  </datafield>
  <datafield tag="300" ind1=" " ind2=" ">
    <subfield code="a">xlv;various paging.</subfield>
    <subfield code="c">25cm(pbk)</subfield>
  </datafield>
  <datafield tag="500" ind1=" " ind2=" ">
    <subfield code="a">Includes index</subfield>
  </datafield>
  <datafield tag="700" ind1=" " ind2=" ">
    <subfield code="a">Westerfield, Randolph W.</subfield>
  </datafield>
  <datafield tag="700" ind1=" " ind2=" ">
    <subfield code="a">Jordan, Bradford D.</subfield>
  </datafield>
  <datafield tag="942" ind1=" " ind2=" ">
    <subfield code="2">ddc</subfield>
    <subfield code="c">EN</subfield>
    <subfield code="h">658.15</subfield>
    <subfield code="m">ROS</subfield>
  </datafield>
  <datafield tag="952" ind1=" " ind2=" ">
    <subfield code="0">0</subfield>
    <subfield code="1">0</subfield>
    <subfield code="4">0</subfield>
    <subfield code="7">0</subfield>
    <subfield code="8">NFIC</subfield>
    <subfield code="a">BL4</subfield>
    <subfield code="b">BL4</subfield>
    <subfield code="d">2019-10-10</subfield>
    <subfield code="e">DBAD/PUB</subfield>
    <subfield code="g">895.00</subfield>
    <subfield code="l">1</subfield>
    <subfield code="m">1</subfield>
    <subfield code="o">658.15 ROS</subfield>
    <subfield code="p">EN-110172</subfield>
    <subfield code="r">2023-03-27 00:00:00</subfield>
    <subfield code="s">2023-02-23</subfield>
    <subfield code="t">1</subfield>
    <subfield code="v">895.00</subfield>
    <subfield code="y">EN</subfield>
  </datafield>
</record>
